| Tag |
First Indicator |
Second Indicator |
Subfields |
| LEADER |
00000cam a2200000 a 4500 |
| 001 |
in00000861908 |
| 008 |
860220s1986 dcua b f001 0 eng |
| 005 |
20230331144528.2 |
| 010 |
|
|
|a 86003359
|
| 020 |
|
|
|c $17.50
|
| 035 |
|
|
|a (OCoLC)ocm13328715
|
| 035 |
|
|
|a (OCoLC)13328715
|
| 035 |
|
|
|9 AEF7965AM
|
| 035 |
|
|
|a in00000861908
|
| 037 |
|
|
|a 008-020-01089-8
|b GPO
|
| 040 |
|
|
|a DLC
|c DLC
|d GPO
|d DLC
|d MvI
|d UtOrBLW
|
| 043 |
|
|
|a a-af---
|
| 049 |
|
|
|a UDOC
|
| 050 |
0 |
0 |
|a DS351.5
|b .A34 1986
|
| 074 |
|
|
|a 0327-J
|
| 082 |
0 |
|
|a 958/.1
|2 19
|
| 086 |
0 |
|
|a D 101.22:550-65/2/986
|
| 245 |
0 |
0 |
|a Afghanistan :
|b a country study /
|c Foreign Area Studies, the American University ; edited by Richard F. Nyrop and Donald M. Seekins.
|
| 250 |
|
|
|a 5th ed.
|
| 264 |
|
1 |
|a Washington, D.C. :
|b The Studies :
|c 1986.
|
| 264 |
|
2 |
|a Washington, D.C. :
|b For sale by the Supt. of Docs., U.S. G.P.O.,
|
| 300 |
|
|
|a xxvii, 408 pages :
|b illustrations ;
|c 24 cm.
|
| 336 |
|
|
|a text
|b txt
|2 rdacontent
|
| 337 |
|
|
|a unmediated
|b n
|2 rdamedia
|
| 338 |
|
|
|a volume
|b nc
|2 rdacarrier
|
| 490 |
1 |
|
|a DA pam ;
|v 550-65
|
| 490 |
1 |
|
|a Area handbook series
|
| 500 |
|
|
|a Revised edition of: Area handbook for Afghanistan.
|
| 500 |
|
|
|a "Research completed January 1986."
|
| 500 |
|
|
|a Shipping list number: 87-52-P.
|
| 500 |
|
|
|a Maps on lining papers.
|
| 504 |
|
|
|a Bibliography: pages 357-383.
|
| 500 |
|
|
|a Includes index.
|
| 530 |
|
|
|a Also available via the Internet from the Library of Congress. Address as of 4/3/2002: http://lcweb2.loc.gov/frd/cs/afghanistan/afghanistan.html; current access via purl.
|
| 651 |
|
0 |
|a Afghanistan.
|
| 700 |
1 |
|
|a Nyrop, Richard F.
|
| 700 |
1 |
|
|a Seekins, Donald M.
|
| 710 |
2 |
|
|a American University (Washington, D.C.).
|b Foreign Area Studies.
|
| 830 |
|
0 |
|a DA pam ;
|v 550-65.
|
| 830 |
|
0 |
|a Area handbook series.
|
| 856 |
4 |
1 |
|u https://purl.fdlp.gov/GPO/LPS18505
|t 0
|
| 999 |
|
|
|a MARS
|
| 999 |
f |
f |
|i 779de879-f754-3c09-b5f9-a2439d926dfa
|s f10e168b-5f87-3028-9041-84e3dc3954bf
|t 0
|
| 952 |
f |
f |
|p normal
|a Texas A&M University
|b College Station
|c Sterling C. Evans Library
|d Evans: US Documents (Annex 5th floor)
|t 0
|e D 101.22:550-65/2/986
|h Superintendent of Documents classification
|i unmediated -- volume
|m A14812537052
|
| 952 |
f |
f |
|a Texas A&M University
|b College Station
|c Electronic Resources
|d Available Online
|t 0
|e D 101.22:550-65/2/986
|h Superintendent of Documents classification
|
| 998 |
f |
f |
|a D 101.22:550-65/2/986
|t 0
|l Available Online
|
| 998 |
f |
f |
|a D 101.22:550-65/2/986
|t 0
|l Evans: US Documents (Annex 5th floor)
|